书目信息 |
| 题名: |
知识分子
|
|
| 作者: | 英保罗·约翰逊 ;杨正润 | |
| 分册: | ||
| 出版信息: | 南京 江苏人民出版社 1999 |
|
| 页数: | 471页 | |
| 开本: | 20cm | |
| 丛书名: | ||
| 单 册: | ||
| 中图分类: | D01 | |
| 科图分类: | ||
| 主题词: | 阶级--理论 , 阶级斗争--理论 | |
| 电子资源: | ||
| ISBN: | 7-214-02407-1 | |
| 000 | 00627nam0 2200205 450 | |
| 001 | 0728815141 | |
| 005 | 20070819080015.14 | |
| 010 | @a7-214-02407-1@d¥21.00 | |
| 100 | @a20070819d km y0chiy0120 ea | |
| 101 | 0 | @achi |
| 200 | 1 | @a知识分子@Azhi shi fen zi@f[英]保罗.约翰逊@F[ying]bao luo.yue han xun@g杨正润等@Gyang zheng run deng |
| 210 | @a南京@c江苏人民出版社@d1999 | |
| 215 | @a471页@d20cm | |
| 606 | 0 | @a阶级@x理论 |
| 606 | 0 | @a阶级斗争@x理论 |
| 690 | @aD01@v3 | |
| 701 | 0 | @a英保罗·约翰逊@Aying bao luo·yue han xun |
| 702 | 0 | @a杨正润@Ayang zheng run |
| 801 | 0 | @aCN@bPFT@c20070819 |
| 905 | @a213230@dD01@eZW30@f1 | |
| 知识分子/[英]保罗.约翰逊/杨正润等.-南京:江苏人民出版社,1999 |
| 471页;20cm |
| ISBN 7-214-02407-1:¥21.00 |
| ● |
| 相关链接 |
|
|
|
|
正题名:知识分子
索取号:D01/ZW30
 
预约/预借
| 序号 | 登录号 | 条形码 | 馆藏地/架位号 | 状态 | 备注 |
| 1 | 7601398 | 276013984 | 密集书库-文学院/ [索取号:D01/ZW30] | 在馆 |